| 000 | 00000nam##2200000za#4500 |
| 001 | 9.681129 |
| 003 | CaOODSP |
| 005 | 20250526101437 |
| 007 | ta |
| 008 | 150407|2000||||xxc||||| f|0| 0 fre|d |
| 020 | |a0-662-84723-7 |
| 040 | |aCaOODSP|bfre |
| 043 | |an-cn--- |
| 086 | 1 |aCi51-93/2000F |
| 110 | 1 |aCanada. |bCitoyenneté et immigration Canada. |
| 245 | 10|aLes artisans de notre patrimoine : |bla citoyenneté et l'immigration au Canada de 1900 à 1977 / |cpar Valerie Knowles. |
| 260 | |aOttawa - Ontario : |bCitoyenneté et Immigration Canada |c2000. |
| 300 | |aiv, 103p. : |bill. ; |c20 cm. |
| 504 | |aBibliographie. |
| 563 | |aCouverture souple |
| 590 | |a02-06|b2002-02-08 |
| 691 | 07|aImmigration|2gcpds |
| 691 | 07|aCitoyenneté|2gcpds |
| 691 | 07|aHistoire du Canada|2gcpds |
| 720 | 1 |aKnowles, Valerie |
| 775 | 08|tForging our legacy : |w(CaOODSP)9.647747 |
| 776 | 0#|tLes artisans de notre patrimoine : |w(CaOODSP)9.951348 |